[Event "Ruhrgebiet Verbandsklasse Gruppe 2 1415"]
[Site "Germany"]
[Date "2015.03.01"]
[Round "7.7"]
[White "Herk, Juergen"]
[Black "Rydzewski, Klaus"]
[Result "1/2-1/2"]
[WhiteElo "1591"]
[BlackElo "1899"]
[PlyCount "45"]
[EventDate "2014.09.21"]
[EventType "team-tourn"]
[EventRounds "9"]
[EventCountry "GER"]
[SourceTitle "EXT 2022"]
[Source "ChessBase"]
[SourceDate "2021.10.06"]
[SourceVersion "1"]
[SourceVersionDate "2021.10.06"]
[SourceQuality "1"]
[WhiteTeam "Bochum SC an der Uni"]
[BlackTeam "Horst Emscher II"]
[WhiteTeamCountry "GER"]
[BlackTeamCountry "GER"]

1. d4 e6 2. c4 f5 3. Bf4 d5 4. e3 Nf6 5. Nf3 c6 6. Nc3 Bd6 7. Ne5 0-0 8. Be2 Qe7 9. 0-0 Nbd7 10. h3 Bb8 11. Qb3 Kh8 12. Rac1 Nxe5 13. Bxe5 Bxe5 14. dxe5 Nd7 15. f4 b6 16. cxd5 exd5 17. Qd1 Bb7 18. Bf3 Rad8 19. Ne2 Nc5 20. Nd4 Rc8 21. Rf2 Ne6 22. Rfc2 Nxd4 23. exd4 1/2-1/2

[Event "Ruhrgebiet Verbandsklasse Gruppe 2 1415"]
[Site "Germany"]
[Date "2014.09.21"]
[Round "1.7"]
[White "Herk, Juergen"]
[Black "Huerter, Wilhelm"]
[Result "1/2-1/2"]
[WhiteElo "1591"]
[BlackElo "1654"]
[PlyCount "39"]
[EventDate "2014.09.21"]
[EventType "team-tourn"]
[EventRounds "9"]
[EventCountry "GER"]
[SourceTitle "EXT 2022"]
[Source "ChessBase"]
[SourceDate "2021.10.06"]
[SourceVersion "1"]
[SourceVersionDate "2021.10.06"]
[SourceQuality "1"]
[WhiteTeam "Bochum SC an der Uni"]
[BlackTeam "Ahlen SV"]
[WhiteTeamCountry "GER"]
[BlackTeamCountry "GER"]

1. d4 Nf6 2. c4 e5 3. d5 Bc5 4. e3 d6 5. Nc3 Bd7 6. Bd3 Qe7 7. Qc2 a6 8. a3 Bg4 9. e4 Nbd7 10. Bg5 Bh5 11. Be2 Bg6 12. h3 Bd4 13. Bf3 h6 14. Bh4 Bh7 15. Nge2 g5 16. Bg3 Ba7 17. Bg4 h5 18. Bxd7+ Qxd7 19. f3 h4 20. Bf2 1/2-1/2

[Event "GER Seniors Derby 05th"]
[Site "Wesel Undeloh"]
[Date "2006.04.23"]
[Round "7"]
[White "Charatsidis, Christos"]
[Black "Herk, Juergen"]
[Result "1/2-1/2"]
[WhiteElo "1500"]
[BlackElo "1623"]
[PlyCount "54"]
[EventDate "2006.04.20"]
[EventType "swiss"]
[EventRounds "7"]
[EventCountry "GER"]
[SourceTitle "EXT 2007"]
[Source "ChessBase"]
[SourceDate "2006.11.23"]
[SourceVersion "1"]
[SourceVersionDate "2006.11.23"]
[SourceQuality "1"]

1. e4 e5 2. Nf3 Nc6 3. d4 exd4 4. Nxd4 Bc5 5. Nxc6 bxc6 6. Bd3 d6 7. 0-0 Ne7 8. c3 0-0 9. b4 Bb6 10. a4 a5 11. Be3 Bxe3 12. fxe3 Ng6 13. Ra2 Ne5 14. Raf2 axb4 15. cxb4 Nxd3 16. Qxd3 Be6 17. Nc3 Qb8 18. b5 cxb5 19. axb5 Ra3 20. Qd2 Bc4 21. Rb1 Qa7 22. Rf3 Ra1 23. Kf2 Rxb1 24. Nxb1 Bxb5 25. Nc3 Qa5 26. Rf5 c6 27. Qb2 Rb8 1/2-1/2

[Event "GER Seniors Derby 05th"]
[Site "Wesel Undeloh"]
[Date "2006.04.20"]
[Round "2"]
[White "Schmidt, Bernhard1111"]
[Black "Herk, Juergen"]
[Result "0-1"]
[WhiteElo "1288"]
[BlackElo "1623"]
[PlyCount "80"]
[EventDate "2006.04.20"]
[EventType "swiss"]
[EventRounds "7"]
[EventCountry "GER"]
[SourceTitle "EXT 2007"]
[Source "ChessBase"]
[SourceDate "2006.11.23"]
[SourceVersion "1"]
[SourceVersionDate "2006.11.23"]
[SourceQuality "1"]

1. d4 d5 2. c4 e6 3. e3 Nf6 4. Nc3 Be7 5. Nf3 0-0 6. cxd5 exd5 7. Bd3 Bg4 8. 0-0 c6 9. h3 Bh5 10. Be2 Ne4 11. Nxe4 dxe4 12. Nd2 Bxe2 13. Qxe2 f5 14. f4 Nd7 15. a3 Nb6 16. b3 Rc8 17. Bb2 Bf6 18. Rab1 Kh8 19. Kh1 Rf7 20. g4 fxg4 21. Qxg4 Qe8 22. f5 Re7 23. Rf4 Nd5 24. Rxe4 Rxe4 25. Nxe4 Rc7 26. Nxf6 Nxf6 27. Qg3 Qe4+ 28. Kh2 Qxb1 29. Qxc7 Qxb2+ 30. Kg3 Qxb3 31. Qb8+ Ng8 32. Kf4 Qxa3 33. Qxb7 Qd6+ 34. Kf3 a5 35. Qa7 Qd5+ 36. Kf4 h6 37. h4 Nf6 38. Qe7 a4 39. Qf8+ Kh7 40. Qe7 Qe4+ 0-1